Statistiken für Alle Flüsse in Bayerisch-Schwaben

Klicken Sie hier um das Quiz zu spielen!

Allgemein

  • Dieses Quiz wurde 31 mal gespielt
  • Das Durchschnittsergebnis liegt bei 5 aus 17

Antwortstatistiken

Flüsse Schwabens% Korrekt
Iller
86%
Donau
83%
Lech
83%
Wertach
52%
Günz
48%
Kammel
28%
Mindel
28%
Paar
21%
Brenz
17%
Wörnitz
14%
Schmutter
10%
Singold
10%
Zusam
10%
Egau
7%
Nau
7%
Kessel (Donau)
0%
Vils
0%

Verteilung der Resultate

Perzentil nach korrekt beantworteten Fragen

Anzahl Personen mit jedem Resultat

Ihre Resultats-Entwicklung

Sie haben dieses Quiz noch nicht gespielt